Bilecik Bilecik Bilecik Bilecik Bilecik

Mehmet Akif : (Record no. 59571)

MARC details
000 -BAŞLIK
Sabit Uzunluktaki Kontrol Alanı 01138nam a22003497a 4500
001 - KONTROL NUMARASI
Control Dosyası 0059767
003 - KONTROL NUMARASI KİMLİĞİ
Kontrol Alanı KOHA_MİRAKIL
005 - EN SON İŞLEM TARİHİ ve ZAMANI
Kontrol Alanı 20260207004240.0
007 - FİZİKSEL TANIM SABİT ALAN - GENEL BİLGİ
Sabit uzunluklu kontrol alanı ta
008 - SABİT UZUNLUKTAKİ VERİ ÖGELERİ - GENEL BİLGİ
Sabit Alan 161213b2013 tu a|||gr||||#0|||1|tur |
020 ## - ISBN - ULUSLARARASI STANDART KİTAP NUMARASI
Isbn 9789751625922
040 ## - KATALOGLAMA KAYNAĞI
Özgün Kataloglama Kurumu TR-BiSEU
Kataloglama Dili tur
Çeviri Kurumu TR-BiSEU
Açıklama Kuralları rda
041 0# - DİL KODU
Metin ya da ses kaydının dil kodu tur
044 ## - YAYINLAYAN/ÜRETEN KURULUŞUN ÜLKE KODU
ISO country code tu
050 ## - SINIFLAMA ve YER NUMARASI
Sınıflama Numarası PL248.M44
Yer Numarası G65 2013
100 1# - KİŞİ ADI
Yazar Adı (Kişi adı) Gökçek, Fazıl.
245 1# - ESER ADI BİLDİRİMİ
Başlık Mehmet Akif :
Alt Eseradı vb. bir medeniyetin şairi/
Sorumluluk Bildirimi Fazıl Gökçek ; Fazıl Gökçek.
264 #1 - ÜRERİM, YAYIN, DAĞITIM ve TELİF BİLDİRİMİ
Yayın yeri Ankara :
Yayınlayan Türk Dil Kurumu
Yayın tarihi 2013
300 ## - FİZİKSEL TANIMLAMA
Sayfa, Cilt vb. 140 sayfa :
Diğer fiziki detaylar resimli ;
Boyutları 23 cm.
336 ## - İÇERİK TÜRÜ
Content type term metin
Content type code txt
Source rdacontent
337 ## - MEDYA TÜRÜ
Media type term aracısız
Media type code n
Source rdamedia
338 ## - TAŞIYICI TÜRÜ
Carrier type term cilt
Carrier type code nc
Source rdacarrier
490 1# - DİZİ BİLDİRİMİ
Dizi Bildirimi AKDTYK Türk Dil Kurumu Yayınları ;
Cilt Numarası 1091.
490 1# - DİZİ BİLDİRİMİ
Dizi Bildirimi Türkçeye Emek Verenler Dizisi ;
Cilt Numarası 18.
500 ## - GENEL NOT
Genel Not Sözlük : 135-140 ss.
650 #0 - KONU BAŞLIĞI EK GİRİŞ - KONU TERİMİ
Konusal terim veya coğrafi ad Biyografi, Mehmet Akif Ersoy.
9 (RLIN) 110602
650 #0 - KONU BAŞLIĞI EK GİRİŞ - KONU TERİMİ
Konusal terim veya coğrafi ad Biography, Mehmet Akif Ersoy.
9 (RLIN) 110603
830 1# - SERİ EK GİRİŞİ - TEKBİÇİM ESER ADI
Tekbiçim Başlık AKDTYK Türk Dil Kurumu Yayınları ;
Volume number/sequential designation 1091.
9 (RLIN) 110454
830 1# - SERİ EK GİRİŞİ - TEKBİÇİM ESER ADI
Tekbiçim Başlık Türkçeye Emek Verenler Dizisi ;
Volume number/sequential designation 18.
9 (RLIN) 110604
907 ## - LOCAL DATA ELEMENT G, LDG (RLIN)
a Roman
942 ## - EK GİRİŞ ÖGELERİ (KOHA)
Source of classification or shelving scheme Library of Congress Classification
Koha item type Book
Holdings
Materyal Türü Kalıcı Konum Mevcut Konum Raf Yeri Sınıflandırma Kaynağı Edinim Bilgisi Ana Konular Alt Konular Yer Numarası Demirbaş Numarası Fatura Tarihi Geri Çekilme Durumu Kayıp Durumu Hasarlı Durumu Kredi için değil Kayıt Tarih Toplam Ödünçverme Son Görülme Tarihi Son Kontrol Tarihi Genel / Bağış Notu
Book Prof. Dr. Azmi Özcan Kütüphanesi Prof. Dr. Azmi Özcan Kütüphanesi Birûni Salonu Library of Congress Classification Bağış DİL VE EDEBİYAT Doğu Asya, Afrika, Okyanusya Dilleri ve Edebiyatları PL248.M44 G65 2013 0059767 02/02/2026         13/12/2016 1 05/12/2024 05/12/2024 Halk Kütüphanesi